Countries whose Capital begins with the same letter - Statistics

General Stats
  • This quiz has been taken 52 times
  • The average score is 18 of 30
Answer Stats
Answer % Correct
Brazil
90%
Mexico
88%
Luxembourg
83%
San Marino
81%
Tunisia
81%
Algeria
77%
Andorra
77%
Kuwait
77%
Monaco
77%
Vatican City
77%
Guatemala
75%
Panama
75%
Djibouti
69%
Belgium
65%
Sweden
65%
Singapore
63%
South Korea
63%
Niger
52%
Sao Tome and Principe
50%
Brunei
48%
Taiwan
48%
Belize
46%
Sri Lanka
46%
Burundi
44%
Mozambique
44%
Barbados
42%
Maldives
42%
Guyana
35%
Papua New Guinea
35%
Marshall Islands
33%
No matching quizzes found
Score Distribution
Percent of People with Each Score
Percentile by Number Answered
Your Score History
You have not taken this quiz